[Event "NRW ch 2014"]
[Site "Solingen"]
[Date "2014.10.14"]
[Round "4.6"]
[White "Albrecht, Oliver"]
[Black "Schmücker, Marcus"]
[Result "0-1"]
[WhiteElo "2166"]
[BlackElo "2251"]
[WhiteTeam "SC Bonn Beuel"]
[BlackTeam "SK Königsspringer Iserlohn"]

1.d4 e6 2.e4 d5 3.Nd2 Nf6 4.Bd3 c5 5.c3 Nc6 6.Ngf3 cxd4 7.cxd4 dxe4 8.Nxe4
Bb4+ 9.Kf1 Be7 10.Nc3 O-O 11.h4 Nb4 12.Bb1 b6 13.a3 Nbd5 14.Bg5 Bb7 15.Rh3
Rc8 16.Ne5 Nxc3 17.bxc3 Ne4 18.Bxe7 Qxe7 19.Qc2 f5 20.c4 Rfd8 21.Qb2 Rc7 
22.Bxe4 Bxe4 23.f4 Rdc8 24.Rd1 Qe8 25.Qe2 Qa4 26.Rd2 Rxc4 27.Nxc4 Rxc4 28.
Qe3 Rc1+ 29.Kf2 Qc4 30.Qe2 Qc7 31.Qe3 b5 32.d5 exd5 33.Rxd5 h6 34.Rd2 Kh7 
35.Rg3 Qc4 36.Qe2 Qc7 37.Qe3 Qc4 38.Qe2 Qc7 39.Qe3 Ra1 40.Rd4 Qc2+ 41.Rd2 
Qc4 42.Qe2 Qc1 43.Re3 Qg1+ 44.Kg3 Bxg2 45.Qf2 Be4+ 46.Qxg1 Rxg1+ 47.Kh3 
Rh1+ 48.Kg3 Kg6 49.Rb2 a6 50.a4 bxa4 51.Ra2 Rg1+ 52.Kh3 Kh5 53.Rxa4 Rg4 
54.Rexe4 Rxh4+ 55.Kg3 Rg4+ 56.Kh3 fxe4 57.Rxe4 g5 58.Ra4 Rxf4 59.Rxa6 Rf3+
60.Kg2 g4 61.Rb6 Kg5 62.Rb8 h5 63.Rb5+ Rf5 64.Rb8 Ra5 65.Rb2 h4 66.Rc2 h3+
67.Kg3 Ra3+ 68.Kh2 Rf3 69.Ra2 Kh4 70.Ra4 Rf2+ 71.Kg1 Rf8 72.Kh2 Rf2+ 73.
Kg1 Rd2 74.Rb4 Kg3 75.Rb3+ Kf4 76.Rb4+ Kf3 77.Rb3+ Ke4 78.Rg3 Kf4 79.Ra3 
g3 80.Ra4+ Ke3 81.Ra3+ Rd3 82.Ra1 Ke2 0-1

[Event "NRW ch 2014"]
[Site "Solingen"]
[Date "2014.10.14"]
[Round "4.7"]
[White "Hecht, Carsten"]
[Black "Meinhardt, Michael"]
[Result "1-0"]
[WhiteElo "2173"]
[BlackElo "2127"]
[WhiteTeam "LSV Turm Lippstadt"]
[BlackTeam "SV Weidenau/Geisweid"]

1.e4 c6 2.d4 d5 3.Nc3 dxe4 4.Nxe4 Bf5 5.Ng3 Bg6 6.h4 h6 7.Nf3 Nd7 8.h5 Bh7
9.Bd3 Bxd3 10.Qxd3 e6 11.Bd2 Qc7 12.O-O-O O-O-O 13.Kb1 Ngf6 14.Ne4 Nxe4 
15.Qxe4 Nf6 16.Qe2 Bd6 17.c4 c5 18.Bc3 a6 19.d5 Rhe8 20.Qc2 Kb8 21.Bxf6 
gxf6 22.dxe6 Rxe6 23.Rd5 Be5 24.Rhd1 Red6 25.Qe4 Rxd5 26.Rxd5 Rxd5 27.cxd5
c4 28.Kc2 c3 29.b3 Bd6 30.Qe8+ Ka7 31.Qe3+ Qc5 32.Qxc5+ Bxc5 33.Nh4 Kb6 
34.Nf5 Bf8 35.Kxc3 Kc5 36.d6 Bxd6 37.Nxh6 Be5+ 38.Kd2 f5 39.Nxf7 Kd5 40.h6
Bd4 41.h7 Ke6 42.h8=Q 1-0

[Event "NRW ch 2014"]
[Site "Solingen"]
[Date "2014.10.14"]
[Round "4.8"]
[White "Lindam, Ingo"]
[Black "Tückmantel, Rene"]
[Result "1/2-1/2"]
[WhiteElo "2070"]
[BlackElo "2106"]
[WhiteTeam "Kölner SK Dr. Lasker"]
[BlackTeam "Bahn-SC Wuppertal"]

1.d4 c5 2.d5 d6 3.e4 Nf6 4.Nc3 a6 5.a4 g6 6.Be2 Bg7 7.Nf3 Ng8 8.O-O e6 9.
Nd2 exd5 10.exd5 Nd7 11.Nc4 Nb6 12.Ne3 Nd7 13.Nc4 Nb6 14.Ne3 Nd7 15.Nc4 
1/2-1/2

[Event "NRW ch 2014"]
[Site "Solingen"]
[Date "2014.10.15"]
[Round "5.1"]
[White "Villwock, Martin"]
[Black "Braun, Christian"]
[Result "0-1"]
[WhiteElo "2185"]
[BlackElo "2371"]
[WhiteTeam "SF Katernberg"]
[BlackTeam "DJK Aufwärts Aachen"]

1.d4 Nf6 2.c4 g6 3.f3 d5 4.cxd5 Nxd5 5.e4 Nb6 6.Be3 Bg7 7.Nc3 O-O 8.Qd2 
Nc6 9.O-O-O f5 10.Be2 e5 11.d5 Nd4 12.Bd3 c6 13.dxc6 bxc6 14.Nge2 f4 15.
Bf2 Be6 16.Nxd4 exd4 17.Ne2 Bxa2 18.Qc2 Bf7 19.Ba6 c5 20.Qxc5 Na4 21.Qb4 
Nxb2 22.Rxd4 Qc7+ 23.Kd2 Rab8 24.Bb5 Bxd4 25.Bxd4 Nc4+ 26.Ke1 Nd6 27.Be5 
Rxb5 28.Qxd6 Qxd6 29.Bxd6 Rb1+ 0-1

[Event "NRW ch 2014"]
[Site "Solingen"]
[Date "2014.10.15"]
[Round "5.2"]
[White "Chilla, Jan Eric"]
[Black "Füllgrabe, Thomas"]
[Result "0-1"]
[WhiteElo "2183"]
[BlackElo "2256"]
[WhiteTeam "SK Münster"]
[BlackTeam "SV Welper"]

1.Nf3 Nf6 2.g3 g6 3.Bg2 Bg7 4.O-O O-O 5.d4 d6 6.c4 Nc6 7.Nc3 a6 8.d5 Na5 
9.b3 Rb8 10.Bb2 b5 11.cxb5 axb5 12.Nd4 b4 13.Na4 e5 14.dxe6 fxe6 15.Nc6 
Nxc6 16.Bxc6 e5 17.Rc1 Bh3 18.Bg2 Bd7 19.Qc2 c5 20.Rcd1 Qc7 21.f4 c4 22.
fxe5 dxe5 23.Rxd7 Nxd7 24.Bd5+ Kh8 25.bxc4 Qa7+ 26.c5 Rxf1+ 27.Kxf1 Nxc5 
28.Nxc5 Rc8 29.Qe4 Qxc5 30.Bxe5 Rf8+ 31.Kg2 Qf2+ 32.Kh3 Qf1+ 33.Kh4 Bf6+ 
34.Bxf6+ Qxf6+ 35.Kg4 h5+ 36.Kh3 Qf5+ 37.Kh4 Qf6+ 38.Kh3 Qf5+ 39.Kh4 Qxe4+
40.Bxe4 Kg7 41.Bf3 Rf5 42.Be4 Rf2 43.Bf3 Rxh2+ 44.Kg5 Rh3 45.Kf4 Kf6 46.
Bg2 Rh2 47.Bf3 g5+ 48.Ke3 g4 49.Bc6 Kg5 50.Bb5 Rg2 51.Kd4 Rxg3 52.Kc4 Ra3 
53.Kxb4 Rxa2 0-1

[Event "NRW ch 2014"]
[Site "Solingen"]
[Date "2014.10.15"]
[Round "5.3"]
[White "Keller, Karsten"]
[Black "Schroer, Klaus"]
[Result "1-0"]
[WhiteElo "2200"]
[BlackElo "2069"]
[WhiteTeam "Langenfelder SF"]
[BlackTeam "TV Borken"]

1.Nf3 Nf6 2.c4 e6 3.Nc3 d5 4.d4 c6 5.Bg5 Be7 6.e3 Nbd7 7.Qc2 O-O 8.Rd1 Re8
9.a3 dxc4 10.Bxc4 Nd5 11.Bxe7 Qxe7 12.O-O Nxc3 13.Qxc3 b6 14.b4 Bb7 15.e4 
Rec8 16.Qd3 a5 17.b5 cxb5 18.Bxb5 Nf6 19.Rfe1 Rc7 20.Ne5 Rac8 21.d5 exd5 
22.exd5 Qd6 23.Bc6 Bxc6 24.dxc6 Qxd3 25.Rxd3 Nh5 26.Red1 g6 27.Rd8+ Kg7 
28.g3 Kf6 29.R8d5 Ke6 30.f4 f6 31.Rd6+ Kf5 32.Nf3 Ke4 33.Kf2 Nxf4 34.R1d4+
1-0

[Event "NRW ch 2014"]
[Site "Solingen"]
[Date "2014.10.15"]
[Round "5.4"]
[White "Schmücker, Marcus"]
[Black "Valkyser, Martin"]
[Result "1/2-1/2"]
[WhiteElo "2251"]
[BlackElo "2237"]
[WhiteTeam "SK Königsspringer Iserlohn"]
[BlackTeam "SF Katernberg"]

1.Nf3 g6 2.d4 Bg7 3.c4 d6 4.Nc3 e5 5.e4 Nc6 6.Bg5 f6 7.Be3 Bh6 8.Qd2 Bxe3 
9.Qxe3 Bg4 10.d5 Nb4 11.Rc1 Na6 12.Nd2 c5 13.dxc6 bxc6 14.a3 Qb6 15.Qg3 
Be6 16.b4 c5 17.Nd5 Qd8 18.Be2 cxb4 19.axb4 Bxd5 20.cxd5 Nxb4 21.O-O Ne7 
22.Qa3 a5 23.Qa4+ Kf7 24.Rc3 Qe8 25.Bb5 Qb8 26.Rfc1 Na2 27.Qxa2 Qxb5 28.
Nc4 Qa6 29.Qa3 Rhd8 30.g4 Rac8 31.Qxa5 Qxa5 32.Nxa5 Rxc3 33.Rxc3 f5 34.f3 
Rc8 35.Nc4 Kf6 36.gxf5 gxf5 37.Kf2 Rc5 38.Ke2 Kg5 39.Kd3 fxe4+ 40.fxe4 
Nxd5 41.exd5 Rxd5+ 42.Ke2 e4 43.Rg3+ Kf4 44.Rh3 Rd4 45.Nd2 d5 46.Rh4+ Ke5 
47.Rxh7 Rd3 48.Rg7 Rh3 49.Nf1 d4 50.Kf2 Rf3+ 51.Kg2 Rf4 52.Rg5+ Kf6 53.Rd5
e3 54.Ng3 Ke6 55.Rd8 Ke7 56.Rd5 Ke6 57.Rd8 Ke5 58.h3 Rf2+ 59.Kg1 Rd2 60.
Nf1 Ra2 61.Re8+ Kf4 62.Rf8+ Ke4 63.Ng3+ Kd3 64.Re8 Ra1+ 65.Kg2 Ra2+ 66.Kg1
Ra1+ 67.Kg2 Ra2+ 1/2-1/2

[Event "NRW ch 2014"]
[Site "Solingen"]
[Date "2014.10.15"]
[Round "5.5"]
[White "Tückmantel, Rene"]
[Black "Westermann, Johannes"]
[Result "1-0"]
[WhiteElo "2106"]
[BlackElo "2158"]
[WhiteTeam "Bahn-SC Wuppertal"]
[BlackTeam "SV Turm Kamp-Lintfort"]

1.c4 e6 2.Nc3 d5 3.d4 Nf6 4.cxd5 exd5 5.Bg5 Be7 6.Qc2 h6 7.Bh4 c6 8.e3 Ne4
9.Bxe7 Qxe7 10.Nxd5 cxd5 11.Qxc8+ Qd8 12.Bb5+ Ke7 13.Qxb7+ Nd7 14.Qxd7+ 
Qxd7 15.Bxd7 Kxd7 16.Ne2 Rhc8 17.f3 Nd6 18.Nc3 Rab8 19.O-O Rxb2 20.Rfc1 
Nf5 21.Nxd5 Rxc1+ 22.Rxc1 Kd6 23.e4 Nxd4 24.Rc7 Rxa2 25.Rxf7 Ne6 26.Ne7 a5
27.Nf5+ Ke5 28.Nxg7 Nf4 29.Rf5+ Kd4 30.Rxf4 Ke3 31.g3 a4 32.e5 a3 33.Nf5+ 
Kd3 34.Ra4 Kc3 35.e6 Kb3 36.Ra8 Ra1+ 37.Kf2 1-0

[Event "NRW ch 2014"]
[Site "Solingen"]
[Date "2014.10.15"]
[Round "5.6"]
[White "Kniest, Oliver"]
[Black "Hecht, Carsten"]
[Result "1/2-1/2"]
[WhiteElo "2302"]
[BlackElo "2173"]
[WhiteTeam "SG Solingen"]
[BlackTeam "LSV Turm Lippstadt"]

1.d4 Nf6 2.c4 g6 3.Nc3 d5 4.Nf3 Bg7 5.Qb3 dxc4 6.Qxc4 O-O 7.e4 a6 8.Be2 b5
9.Qb3 Bb7 10.e5 Nd5 11.O-O Nxc3 12.Qxc3 Nd7 13.e6 Nf6 14.exf7+ Rxf7 15.Ne5
Rf8 16.a4 Ne4 17.Qe3 c5 18.Bg4 Qd5 19.Qh3 Bc8 20.Nd7 Bxd7 21.Bxd7 Kh8 22.
axb5 Bxd4 23.Be3 axb5 24.Rxa8 Rxa8 25.Bxb5 Bxb2 26.Be2 Qe5 1/2-1/2

[Event "NRW ch 2014"]
[Site "Solingen"]
[Date "2014.10.15"]
[Round "5.8"]
[White "Lindam, Ingo"]
[Black "Albrecht, Oliver"]
[Result "1-0"]
[WhiteElo "2070"]
[BlackElo "2166"]
[WhiteTeam "Kölner SK Dr. Lasker"]
[BlackTeam "SC Bonn Beuel"]

1.d4 Nf6 2.Bg5 d5 3.e3 e6 4.Nd2 Be7 5.Ngf3 h6 6.Bf4 Nbd7 7.Bd3 c5 8.c3 Qb6
9.Rb1 a5 10.O-O O-O 11.Ne5 Qd8 12.Qf3 Nxe5 13.dxe5 Nd7 14.Qh5 Bg5 15.Bg3 
f5 16.exf6 Nxf6 17.Qe2 Nd7 18.Nf3 Bf6 19.e4 c4 20.Bc2 Ra6 21.Rbd1 Nc5 22.
Ne5 b5 23.Rfe1 Bb7 24.Ng6 Rf7 25.e5 Be7 26.Rd4 Nd3 27.Nxe7+ Qxe7 28.Bxd3 
cxd3 29.Qxd3 Bc6 30.Rg4 Rf5 31.Bh4 Qf8 32.Bf6 g5 33.h4 Ra7 34.hxg5 hxg5 
35.Qe3 Rh7 36.Rxg5+ Rxg5 37.Qxg5+ Kf7 38.Re3 Ke8 39.Rg3 Kd7 40.Qe3 Kc8 41.
Qb6 Qe8 42.a3 a4 43.Rg4 Bb7 44.Bh4 Bc6 45.f3 Bb7 46.g3 Rf7 47.Bf6 Rh7 48.
Kg2 Bc6 49.Bh4 Rf7 50.Bf6 Rh7 51.Rh4 Rxh4 52.Bxh4 Bd7 53.g4 Qh8 54.Be7 1-0

[Event "NRW ch 2014"]
[Site "Solingen"]
[Date "2014.10.16"]
[Round "6.1"]
[White "Braun, Christian"]
[Black "Füllgrabe, Thomas"]
[Result "1/2-1/2"]
[WhiteElo "2371"]
[BlackElo "2256"]
[WhiteTeam "DJK Aufwärts Aachen"]
[BlackTeam "SV Welper"]

1.e4 e5 2.Nf3 Nc6 3.Bc4 Bc5 4.c3 Nf6 5.d3 O-O 6.Bg5 h6 7.Bh4 Be7 8.Nbd2 
Nh5 9.Bxe7 Qxe7 10.Nf1 d6 11.Ne3 Be6 12.g3 Nf6 13.Nd2 Qd7 14.Qf3 Ne7 15.
Bb3 Bxb3 16.Nxb3 d5 17.O-O dxe4 18.dxe4 Qc6 19.Ng4 Nxg4 20.Qxg4 a5 21.a4 
1/2-1/2

[Event "NRW ch 2014"]
[Site "Solingen"]
[Date "2014.10.16"]
[Round "6.2"]
[White "Villwock, Martin"]
[Black "Chilla, Jan Eric"]
[Result "0-1"]
[WhiteElo "2185"]
[BlackElo "2183"]
[WhiteTeam "SF Katernberg"]
[BlackTeam "SK Münster"]

1.d4 Nf6 2.c4 e6 3.Nc3 Bb4 4.e3 O-O 5.Ne2 d5 6.a3 Be7 7.cxd5 exd5 8.Nf4 c6
9.Bd3 Re8 10.h3 Bd6 11.Qf3 Qe7 12.g4 Ne4 13.h4 Nd7 14.g5 Nf8 15.Nfe2 b6 
16.Qg2 a5 17.f3 Nxc3 18.Nxc3 Ba6 19.Bxa6 Rxa6 20.e4 Ne6 21.Be3 Raa8 22.e5 
Bxe5 23.dxe5 d4 24.Ne4 dxe3 25.Nf6+ Kh8 26.Nxe8 Nf4 27.Qc2 Rxe8 28.O-O-O 
e2 29.Rd4 Qxe5 30.Re4 Qb8 31.Qd2 Rxe4 32.fxe4 g6 33.Qd4+ Kg8 34.e5 Ng2 35.
e6 fxe6 36.Qe4 Qf4+ 37.Qxf4 Nxf4 38.Kd2 Kf7 39.b4 axb4 40.axb4 e5 41.Ra1 
c5 42.b5 c4 43.Ra7+ Ke6 44.Rc7 Kd5 45.Rd7+ Kc5 46.Rxh7 c3+ 47.Ke1 Kd5 48.
Ra7 c2 49.Ra1 c1=Q+ 50.Rxc1 Nd3+ 51.Kxe2 Nxc1+ 0-1

[Event "NRW ch 2014"]
[Site "Solingen"]
[Date "2014.10.16"]
[Round "6.3"]
[White "Schmücker, Marcus"]
[Black "Keller, Karsten"]
[Result "0-1"]
[WhiteElo "2251"]
[BlackElo "2200"]
[WhiteTeam "SK Königsspringer Iserlohn"]
[BlackTeam "Langenfelder SF"]

1.Nf3 Nf6 2.c4 e6 3.g3 d5 4.Bg2 dxc4 5.Qa4+ Nbd7 6.Qxc4 a6 7.Qc2 c5 8.O-O 
b5 9.a4 b4 10.d3 Bb7 11.Nbd2 Be7 12.b3 O-O 13.Bb2 Rc8 14.Rac1 Nb8 15.Qb1 
Nfd7 16.Nc4 Nb6 17.Nxb6 Qxb6 18.Ne5 Bd5 19.Bxd5 exd5 20.d4 cxd4 21.Rxc8 
Rxc8 22.Rd1 Qe6 23.Bxd4 Bd6 24.Qb2 Re8 25.Nf3 f6 26.Rc1 Qxe2 27.Qxe2 Rxe2 
28.Rc8+ Kf7 29.Be3 Rb2 30.Nd4 Be5 31.Kg2 Nd7 32.Rc6 Bxd4 33.Bxd4 Rxb3 34.
Rxa6 Rd3 35.Be3 b3 36.Ra7 Ke6 37.Rb7 d4 38.Bf4 g5 39.Bc1 Nc5 40.Rb6+ Kd5 
41.a5 Rd1 42.Ba3 Ra1 43.Bxc5 Kxc5 44.Rxb3 Kc4 45.Rb6 Rxa5 46.Kf3 f5 47.h3 
h5 48.h4 Ra3+ 49.Ke2 Ra2+ 50.Kf1 gxh4 51.gxh4 d3 52.Rd6 Kc3 53.Rc6+ Kd2 
54.Rc5 f4 55.Kg2 Ke1 56.Rc1+ Ke2 57.Rc5 d2 58.Re5+ Kd3 59.Rd5+ Kc2 60.Rc5+
Kb1 61.Rd5 Kc1 62.Kf3 d1=Q+ 63.Rxd1+ Kxd1 64.Kxf4 Ra5 0-1

[Event "NRW ch 2014"]
[Site "Solingen"]
[Date "2014.10.16"]
[Round "6.4"]
[White "Valkyser, Martin"]
[Black "Schroer, Klaus"]
[Result "1-0"]
[WhiteElo "2237"]
[BlackElo "2069"]
[WhiteTeam "SF Katernberg"]
[BlackTeam "TV Borken"]

1.d4 Nf6 2.c4 e6 3.g3 d5 4.Nf3 c6 5.Qc2 Bd6 6.b3 Nbd7 7.Bb2 O-O 8.Bg2 Qe7 
9.Nbd2 e5 10.cxd5 Nxd5 11.O-O Nb4 12.Qb1 f5 13.dxe5 Nxe5 14.a3 Na6 15.e3 
Bd7 16.Nxe5 Bxe5 17.Bxe5 Qxe5 18.b4 Nc7 19.Nc4 Qf6 20.Rd1 Be6 21.Na5 Rab8 
22.Qc2 Bd5 23.Qc5 b6 24.Bxd5+ Nxd5 25.Qxc6 Nc3 26.Qxf6 Rxf6 27.Rd3 Ne2+ 
28.Kf1 Nxg3+ 29.hxg3 bxa5 30.bxa5 Rb5 31.Rc1 Rxa5 32.Rc7 g6 33.Rd8+ Rf8 
34.Rdd7 Ra8 35.Rg7+ Kh8 36.Rxh7+ Kg8 37.Rcg7+ Kf8 38.Rxg6 Rxa3 39.Rg5 Rd8 
40.Rxf5+ Kg8 41.Rh4 Kg7 42.Rg4+ Kh6 43.Kg2 a5 44.f4 Rd2+ 45.Kf3 a4 46.Rfg5
Rh2 47.Rg6+ Kh7 48.Rg7+ Kh8 49.Rg8+ Kh7 50.R4g7+ Kh6 51.Ra7 1-0

[Event "NRW ch 2014"]
[Site "Solingen"]
[Date "2014.10.16"]
[Round "6.5"]
[White "Hecht, Carsten"]
[Black "Tückmantel, Rene"]
[Result "1-0"]
[WhiteElo "2173"]
[BlackElo "2106"]
[WhiteTeam "LSV Turm Lippstadt"]
[BlackTeam "Bahn-SC Wuppertal"]

1.e4 c5 2.Nf3 e6 3.d4 cxd4 4.Nxd4 a6 5.Bd3 Nf6 6.O-O Qc7 7.Qe2 d6 8.c4 Nc6
9.Nxc6 bxc6 10.Nc3 Be7 11.Be3 e5 12.f3 O-O 13.Rac1 Rb8 14.Rfd1 Qb7 15.b3 
Rd8 16.Kh1 a5 17.c5 d5 18.exd5 Nxd5 19.Bd2 Nb4 20.Bc4 Bf5 21.Qxe5 Bc2 22.
Re1 Bf6 23.Qf4 Bg6 24.Ne4 Bxe4 25.Qxe4 g6 26.Bf4 Rd4 27.Qe3 Rbd8 28.Bd6 
Kg7 29.Re2 Qd7 30.Rce1 Nd5 31.Bxd5 Rxd5 32.h3 h5 33.Rd2 Rxd2 34.Qxd2 Qf5 
35.Qe3 Kh7 36.Qe4 Qg5 37.Qxc6 Qd2 38.Re8 Rxe8 39.Qxe8 Qd1+ 40.Kh2 Qd5 41.
Qe4 Qd1 42.Be5 Be7 43.Bd4 Bd8 44.Qe5 f6 45.Qd6 Qc1 46.Qxd8 1-0

[Event "NRW ch 2014"]
[Site "Solingen"]
[Date "2014.10.16"]
[Round "6.6"]
[White "Meinhardt, Michael"]
[Black "Kniest, Oliver"]
[Result "0-1"]
[WhiteElo "2127"]
[BlackElo "2302"]
[WhiteTeam "SV Weidenau/Geisweid"]
[BlackTeam "SG Solingen"]

1.d4 Nf6 2.Nf3 e6 3.Nbd2 c5 4.e3 b6 5.Bd3 Bb7 6.O-O Be7 7.c3 cxd4 8.exd4 
O-O 9.Re1 d6 10.Nc4 Re8 11.Bf4 Nc6 12.h3 Bf8 13.Bh2 b5 14.Ncd2 a6 15.Ne4 
Nxe4 16.Bxe4 f5 17.Bc2 Na5 18.Nd2 Qf6 19.b4 Nc4 20.Nxc4 bxc4 21.Ba4 Red8 
22.b5 Bd5 23.Qe2 Qg6 24.f3 Qe8 25.Reb1 Rdb8 26.Qb2 Qd8 27.Qb4 Rb7 28.b6 
Rab8 29.Qa5 Rxb6 30.Rb4 Rxb4 31.Qxd8 Rxd8 32.cxb4 g5 33.Bg3 Bg7 34.Bf2 Kf7
35.b5 Ra8 36.Rc1 axb5 37.Bxb5 Rc8 38.a4 c3 39.Bd3 g4 40.f4 gxh3 41.gxh3 
Bh6 42.Be3 Bb3 43.Bc2 Bxc2 44.Rxc2 e5 45.dxe5 dxe5 46.Kf2 exf4 47.Bb6 Ke6 
48.Ke2 f3+ 49.Kd3 Bd2 50.a5 Rc6 51.Ra2 Rd6+ 52.Kc2 Be1 53.a6 f2 54.Bxf2 
Rd2+ 55.Kb3 Rxa2 56.Bxe1 Rxa6 57.Kxc3 Ra3+ 0-1

[Event "NRW ch 2014"]
[Site "Solingen"]
[Date "2014.10.16"]
[Round "6.7"]
[White "Westermann, Johannes"]
[Black "Lindam, Ingo"]
[Result "1-0"]
[WhiteElo "2158"]
[BlackElo "2070"]
[WhiteTeam "SV Turm Kamp-Lintfort"]
[BlackTeam "Kölner SK Dr. Lasker"]

1.e4 c5 2.Nf3 e6 3.d4 cxd4 4.Nxd4 Nc6 5.Nc3 Qc7 6.Be3 a6 7.a4 Nf6 8.g3 Bb4
9.Bg2 d5 10.Nxc6 Bxc3+ 11.bxc3 Qxc6 12.Qd4 O-O 13.e5 Ne4 14.f3 Nxc3 15.Bd2
Nxa4 16.Qxa4 Qc7 17.f4 Bd7 18.Qb3 Bb5 19.Ba5 b6 20.Bb4 Rfc8 21.Kd2 g5 22.
Bd6 Qd8 23.Rhb1 Rc4 24.Bf1 Rd4+ 25.Kc3 Re4 26.Bxb5 Rc8+ 27.Kb2 axb5 28.
Qxb5 Rec4 29.Rc1 gxf4 30.gxf4 Qh4 31.Qb3 Qxh2 32.Be7 f5 33.Bf6 Qxf4 34.Ra7
Rc3 35.Rg1+ Kf8 36.Be7+ Ke8 37.Qb5+ R3c6 38.Rg8+ Kf7 39.Bg5+ Kxg8 40.Bxf4 
Rxc2+ 41.Kb1 1-0

[Event "NRW ch 2014"]
[Site "Solingen"]
[Date "2014.10.17"]
[Round "7.2"]
[White "Chilla, Jan Eric"]
[Black "Keller, Karsten"]
[Result "1/2-1/2"]
[WhiteElo "2183"]
[BlackElo "2200"]
[WhiteTeam "SK Münster"]
[BlackTeam "Langenfelder SF"]

1.d4 e6 2.c4 Nf6 3.Nc3 Bb4 4.Qc2 d5 5.a3 Bxc3+ 6.Qxc3 Ne4 7.Qc2 c5 8.cxd5 
exd5 9.dxc5 Nc6 10.Nf3 O-O 11.e3 Bg4 12.Be2 Qf6 13.O-O Rfe8 14.b4 Bxf3 15.
Bxf3 Qxa1 16.Bb2 Qa2 17.Be2 Nc3 18.Qxc3 d4 19.Qc1 Qe6 20.Bc4 Qe4 21.b5 Ne5
22.Bxd4 Nxc4 23.Qxc4 Re6 24.f3 Qg6 25.Rc1 Qg5 26.f4 Qe7 27.Qc3 Rc8 28.a4 
a6 29.f5 Re4 30.f6 gxf6 31.Bxf6 Qe6 32.Bd4 axb5 33.axb5 Rg4 34.Qd2 Rg6 35.
Qf2 Qd5 36.Ra1 h5 37.h3 Kh7 38.Rf1 f6 39.Qf3 Qxf3 40.Rxf3 Rcg8 41.Rf2 f5 
42.Kf1 Rf8 43.Ke2 Rgg8 44.Kd3 Kg6 45.Ra2 1/2-1/2

[Event "NRW ch 2014"]
[Site "Solingen"]
[Date "2014.10.17"]
[Round "7.3"]
[White "Füllgrabe, Thomas"]
[Black "Villwock, Martin"]
[Result "1/2-1/2"]
[WhiteElo "2256"]
[BlackElo "2185"]
[WhiteTeam "SV Welper"]
[BlackTeam "SF Katernberg"]

1.e4 Nf6 2.e5 Nd5 3.d4 d6 4.Nf3 Nc6 5.Bb5 a6 6.Bxc6+ bxc6 7.O-O g6 8.Re1 
Bg7 9.c4 Nb6 10.Nc3 O-O 11.Qe2 h6 12.Bf4 a5 13.Ne4 f5 14.Ng3 Kh7 15.h4 Ba6
16.b3 d5 17.Rac1 e6 18.Qd2 dxc4 19.h5 a4 20.hxg6+ Kxg6 21.bxa4 Nxa4 22.Ne2
Qe7 23.Bg3 Kh7 24.Nf4 Rab8 25.Nh4 Rfe8 26.Nhg6 Qf7 27.Bh4 Rb2 28.Qd1 Rxa2 
29.Re3 Nb6 30.Rg3 Nd5 31.Nh5 Qxg6 32.Rxg6 Kxg6 33.g4 c3 34.gxf5+ exf5 35.
Nxg7 Kxg7 36.Qh5 Rf8 37.Kh2 Be2 38.Rg1+ Bg4 39.Rxg4+ fxg4 40.Qxg4+ Kh8 41.
Qg6 Rf4 42.Qxh6+ Kg8 43.Qg6+ Kf8 44.Qh6+ Kg8 45.Qg6+ Kf8 46.Qh6+ 1/2-1/2

[Event "NRW ch 2014"]
[Site "Solingen"]
[Date "2014.10.17"]
[Round "7.4"]
[White "Kniest, Oliver"]
[Black "Westermann, Johannes"]
[Result "1-0"]
[WhiteElo "2302"]
[BlackElo "2158"]
[WhiteTeam "SG Solingen"]
[BlackTeam "SV Turm Kamp-Lintfort"]

1.d4 d5 2.c4 c6 3.Nf3 Nf6 4.e3 Bf5 5.cxd5 cxd5 6.Nc3 e6 7.Ne5 Nc6 8.g4 Bg6
9.h4 h6 10.Nxg6 fxg6 11.Bd3 Kf7 12.Bd2 e5 13.dxe5 Nxe5 14.Be2 Qb6 15.f4 
Ned7 16.g5 Ne4 17.Nxe4 dxe4 18.Bc4+ Ke8 19.Qa4 hxg5 20.Bb5 Rd8 21.Qxe4+ 
Be7 22.Bb4 1-0

[Event "NRW ch 2014"]
[Site "Solingen"]
[Date "2014.10.17"]
[Round "7.5"]
[White "Schroer, Klaus"]
[Black "Hecht, Carsten"]
[Result "1/2-1/2"]
[WhiteElo "2069"]
[BlackElo "2173"]
[WhiteTeam "TV Borken"]
[BlackTeam "LSV Turm Lippstadt"]

1.e4 c5 2.c3 d5 3.exd5 Qxd5 4.d4 Nf6 5.Nf3 e6 6.Be2 cxd4 7.cxd4 Nc6 8.O-O 
Be7 9.Nc3 Qd6 10.h3 O-O 11.Be3 b6 12.Qd2 Bb7 13.Rfd1 Rfd8 14.Rac1 Rac8 15.
Bf4 Qd7 16.Qe3 Qe8 17.Bb5 a6 18.Be2 Nb4 19.Be5 Nfd5 20.Qd2 b5 21.a3 Nxc3 
22.Rxc3 Nd5 23.Rxc8 Rxc8 24.Rc1 Rc6 25.Bd3 b4 26.axb4 Nxb4 27.Bc4 a5 28.b3
Rc8 29.Be2 Bd5 30.Bd1 f6 31.Bc7 Nc6 32.Bxa5 Nxa5 33.Rxc8 Qxc8 34.Qxa5 Qc1 
35.Qd2 Qxd2 36.Nxd2 Bb4 37.Nf3 1/2-1/2

[Event "NRW ch 2014"]
[Site "Solingen"]
[Date "2014.10.17"]
[Round "7.6"]
[White "Tückmantel, Rene"]
[Black "Schmücker, Marcus"]
[Result "0-1"]
[WhiteElo "2106"]
[BlackElo "2251"]
[WhiteTeam "Bahn-SC Wuppertal"]
[BlackTeam "SK Königsspringer Iserlohn"]

1.c4 f5 2.g3 Nf6 3.Bg2 e6 4.Nc3 d5 5.d4 c6 6.b3 Bd6 7.Nh3 O-O 8.O-O Nbd7 
9.Bf4 Be7 10.Rc1 h6 11.f3 g5 12.Be3 Qe8 13.Nf2 Nh5 14.Nd3 Qg6 15.Bf2 f4 
16.e4 fxg3 17.hxg3 Bd6 18.cxd5 exd5 19.e5 Ba3 20.Rb1 Nb6 21.Qe2 Bf5 22.
Rbd1 a5 23.Qe3 Bxd3 24.Rxd3 Ng7 25.Nb1 Be7 26.a4 h5 27.Bh3 Nf5 28.Qe2 Kh7 
29.Kh2 Rf7 30.Nc3 Rg8 31.Bg2 Na8 32.Nd1 Nc7 33.Ne3 Ne6 34.Nxf5 Qxf5 35.Bh3
g4 36.fxg4 hxg4 37.Be3 Qh5 38.Rxf7+ Qxf7 39.Bxg4 Ng5 40.Bxg5 Rxg5 41.Rf3 
Qg6 42.Rf4 Qh6+ 43.Kg2 Rg7 44.Qd3+ Kh8 45.Qf5 Qh7 46.Qc8+ Rg8 47.Qe6 Qc2+ 
48.Rf2 Qe4+ 49.Bf3 Qh7 50.Qh3 Bh4 51.Kf1 Rxg3 52.Qh1 Qd3+ 53.Ke1 Qe3+ 54.
Kf1 Rh3 55.Qg2 Rh1+ 0-1

[Event "NRW ch 2014"]
[Site "Solingen"]
[Date "2014.10.17"]
[Round "7.7"]
[White "Albrecht, Oliver"]
[Black "Meinhardt, Michael"]
[Result "1/2-1/2"]
[WhiteElo "2166"]
[BlackElo "2127"]
[WhiteTeam "SC Bonn Beuel"]
[BlackTeam "SV Weidenau/Geisweid"]

1.d4 Nf6 2.c4 e6 3.Nc3 Bb4 4.e3 b6 5.Ne2 c5 6.a3 Ba5 7.Rb1 Qe7 8.Bd2 O-O 
9.Nf4 cxd4 10.exd4 Bxc3 11.Bxc3 Bb7 12.Bd3 Nc6 13.O-O d5 14.cxd5 exd5 15.
Qf3 Qd7 16.Rfe1 Rfe8 17.h3 Re7 18.Bc2 Rae8 19.Qd3 g6 20.Bb3 Re4 21.Ne2 Nh5
22.Rbd1 R8e6 23.Bd2 Na5 24.f3 Rxe2 25.Rxe2 Rxe2 26.Qxe2 Nxb3 27.Bh6 
1/2-1/2